000
00318nam a2200133Ia 4500
008
240624s9999 xx 000 0 und d
041
_a
eng
082
_a
658 MIL
100
_a
MILGRAM LYNNE
245
_a
MANAGING SMART
260
_c
2004
_a
New Delhi
_b
Prentice-Hall
300
_a
xix, : 412 : p. : cm. ; 24
365
_c
RS
999
_c
265
_d
265